Quarantine and phytosanitary laws of SAARC member countries (Record no. 44003)
[ view plain ]
| 000 -LEADER | |
|---|---|
| fixed length control field | 00392nam a2200133Ia 4500 |
| 020 ## - INTERNATIONAL STANDARD BOOK NUMBER | |
| ISBN | 9843115481 |
| 082 ## - DEWEY DECIMAL CLASSIFICATION NUMBER | |
| Classification number | 632.913.1 |
| Item number | GOR |
| 100 ## - MAIN ENTRY--AUTHOR NAME | |
| Personal name | Goraya, Muhanned Munir |
| 245 #0 - TITLE STATEMENT | |
| Title | Quarantine and phytosanitary laws of SAARC member countries |
| 260 ## - PUBLICATION, DISTRIBUTION, ETC. (IMPRINT) | |
| Place of publication | Bangladesh |
| Name of publisher | SAARC Agricultural Information Centre(SAIC |
| 490 ## - SERIES STATEMENT | |
| Series statement | 2001 |
| 942 ## - ADDED ENTRY ELEMENTS (KOHA) | |
| Koha item type | Books |
| Withdrawn status | Lost status | Damaged status | Not for loan | Home library | Current library | Date acquired | Source of acquisition | Full call number | Accession Number | Koha item type |
|---|---|---|---|---|---|---|---|---|---|---|
| RRII Library | RRII Library | 16/12/2021 | Gift | 632.913.1 GOR | G00751 | Books |